Japán viselkedéskultúra

Elmentve itt :
Bibliográfiai részletek
Szerző: Szántó Gabriella
További közreműködők: Lengyel Sándorné (Témavezető)
Dokumentumtípus: Szakdolgozat
Megjelent: 2008
Tárgyszavak:
Online Access:http://diploma.bibl.u-szeged.hu/108477
LEADER 00718nta a2200205 i 4500
001 dipl108477
005 20210226150929.0
008 210226s2008 hu om 0|| zxx d
040 |a SZTE Diploma Repozitórium  |b hun 
041 |a zxx 
100 1 |a Szántó Gabriella 
245 1 0 |a Japán viselkedéskultúra  |h [elektronikus dokumentum] /  |c Gabriella Szántó 
260 |c 2008 
650 4 |a Pedagógusképzés 
650 4 |a Social sciences 
650 4 |a Media and communications 
650 4 |a Media and socio-cultural communication 
650 4 |a Cultural studies, cultural diversity 
700 1 |a Lengyel Sándorné  |e ths 
856 4 0 |u http://diploma.bibl.u-szeged.hu/id/eprint/108477/1/2008_szanto_gabriella.pdf  |z Dokumentum-elérés